Manual de derecho laboral /
Estatutos especiales
Guardado en:
| Autor Principal: | |
|---|---|
| Formato: | Libro |
| Idioma: | Spanish |
| Publicado: |
Buenos Aires :
LexisNexis,
2008
|
| Edición: | 4º ed. amp. y act. |
| Materias: | |
| Etiquetas: |
Agregar Etiqueta
Sin Etiquetas, Sea el primero en etiquetar este registro!
|
| LEADER | 00548nam a22001815a 4500 | ||
|---|---|---|---|
| 001 | DER.der006317 | ||
| 008 | 180615s2008####ag#||||||||||||||#||spa|| | ||
| 005 | 20210702121849.0 | ||
| 245 | 1 | 0 | |a Manual de derecho laboral / |c Julio Armando Grisolía |
| 250 | |a 4º ed. amp. y act. | ||
| 260 | |a Buenos Aires : |b LexisNexis, |c 2008 | ||
| 300 | |a 1056 p. | ||
| 520 | |a Estatutos especiales | ||
| 020 | |a 9789875923331 | ||
| 100 | 1 | |a Grisolía, Julio Armando | |
| 653 | |a DERECHO LABORAL | ||
| 653 | |a SEGURIDAD SOCIAL | ||
| 859 | |a DERECHO |b BIB. DERECHO |h 344 |i GRI |k 1.27 |p 006051 | ||
